000 005750000a22001810004500
003 MACL
005 20160511152228.0
008 160511b xxu||||| |||| 00| 0 eng d
040 _aMACL
_cMACL
041 _aHindi
082 _a891.431 BHA
100 _aभाटिया, सुदर्शन
_917524
245 _aसार्थक
_cसुदर्शन्‍ भाटिया
260 _aनई दिल्‍ली
_bजागृति प्रकाशन
_c2012
350 _a275
650 _aकविता
_9226
942 _cHIN
_k891.431/BHA/P
_2ddc
999 _c48852
_d48852